000 00636nam a2200229Ia 4500
003 OSt
005 20221007075815.0
006 a|||||r|||| 00| 0
007 ta
008 221006b |||||||| |||| 00| 0 eng d
024 _a43,163
037 _cTextual
040 _aFLL
_cFLL
_beng
041 _2eng
_aeng
082 _aY:6:5(Z).2, Q4
100 _aMendelsohn Oliver
_9144010
245 0 _aLaw and social transformation in India
260 _aNew Delhi
_bOxford university press India
_c2014
300 _a302 xxxii
_ccm.
942 _hY:6:5(Z).2, Q4
_cTEXL
_2CC
999 _c1157445
_d1157445